000 00654nam a2200253Ia 4500
008 181129s9999 xx 000 0 und d
020 _a9781405353298
050 _a109
050 _bB923 2011
100 _aBuckingham, Will
245 4 _aThe phylosophy book /
245 0 _cby Will Buckingham.
260 _aLondon, England :
260 _bDorling Kindersley Limited,
260 _c2011
300 _a352 pages :
300 _bcolor illustrations ;
300 _c24cm.
440 _aBig ideas simply explained.
650 _aPhilosophy -- Essays.
650 _aPhilosophy -- Introductions.
700 _aSeries.
700 _aTitle.
999 _c360166
_d360166